000 01026nam a22002777a 4500
001 9448
003 FISKH
005 20260109093104.0
008 260109b cb ||||| |||| 00| 0 eng d
020 _a9781411499119
040 _aFISKH
_beng
_cFISKH
_dFISKH
050 _aPZ7
082 _a808
100 _aHood, Christine
_eAuthor
245 _aWriting skills :
_bGrade 3 /
_cWritten by Christine Hood ; Illustrated by Dave Garbot
260 _aNew York :
_bSpark Publishing ,
_c2004
300 _a63 pages :
_bcolor illustrations ;
_c23 cm
505 _aL
520 _aFlash Skills are a line of mini-workbooks designed to focus on specific skills. Each book uses a unique theme and adorable art to help young learners master math and reading through practice and reinforcement. Fun full-color stickers motivate and reward.
521 8 _a510
_bLexile estimate
521 8 _aL
_bRaz-Plus
650 _aLanguage arts
_vWorkbook
700 _aGarbot, Dave
_eIllustrator
942 _2ddc
_cBK
_n0
999 _c9448
_d9448